| 000 | 00338nam a22001337a 4500 | ||
|---|---|---|---|
| 020 | _a9788189401351 | ||
| 041 | _aENG | ||
| 100 | _a Modi.P.N | ||
| 245 | _aWater Supply Engineeing ( Environmental Engineering -1 ) | ||
| 260 |
_aNew Delhi _bStandard Book House Rajson Publications PVT _c2018 |
||
| 300 | _a823 | ||
| 650 | _aFS | ||
| 856 | _uFS | ||
| 999 |
_c79 _d79 |
||